00342 a2200109 4500001001000000005001700010008004100027245005800068100002000126773006900146999001700215ART_5853120260410161948.0260409a 10aBreves reflexiones sobre el programa Puente al Empleo1 aFavier, Daniela0 tTemas de derecho laboralg- Año 9, N° 6 (jun. 2023)wREV27619 c30092d30092